[Event "TCh-ESP Div 1 2019"]
[Site "Linares ESP"]
[Date "2019.08.29"]
[Round "4.1"]
[White "Shirov,A"]
[Black "Plazuelo Pascual,Juan"]
[Result "1/2-1/2"]
[WhiteElo "2658"]
[BlackElo "2411"]

1.d4 Nf6 2.c4 e6 3.Nf3 d5 4.g3 dxc4 5.Bg2 c6 6.Ne5 Bb4+ 7.Nc3 Nd5 8.Bd2 Nb6
9.Ne4 a5 10.e3 O-O 11.Qc2 N8d7 12.Bxb4 axb4 13.Nxc4 Nxc4 14.Qxc4 Qe7 15.O-O e5
16.Nc5 Nxc5 17.Qxb4 exd4 18.exd4 Ra4 19.Qxc5 Qe2 20.Qb6 Qc4 21.d5 Rb4 22.Qc7 cxd5
23.Rfc1 Qxc7 24.Rxc7 Rxb2 25.Bxd5 b5 26.Re1 Be6 27.Bxe6 fxe6 28.Rxe6 Rbxf2
29.Ree7 Rf1+ 30.Kg2 R1f2+ 31.Kh3 R2f7 32.Rxf7 Rxf7 33.Rc8+ Rf8 34.Rc5  1/2-1/2

[Event "84th ch-ESP 2019"]
[Site "Marbella ESP"]
[Date "2019.11.16"]
[Round "1.3"]
[White "Shirov,A"]
[Black "Lopez Guerrero,J"]
[Result "1-0"]
[WhiteElo "2666"]
[BlackElo "2085"]

1.d4 Nf6 2.c4 e6 3.Nc3 Bb4 4.Qc2 c5 5.dxc5 Bxc3+ 6.Qxc3 Ne4 7.Qxg7 Qa5+ 8.Kd1 Nxf2+
9.Kc2 Rf8 10.Nh3 Nxh1 11.Ng5 Qxc5 12.Nxh7 f6 13.Be3 Qxc4+ 14.Kd1 Nf2+ 15.Ke1 Rf7
16.Qg8+ Ke7 17.Ng5 Rf8 18.Qg7+ Ke8 19.Rc1 Qxc1+ 20.Bxc1 fxg5 21.Bxg5 Nc6
22.Bh6 Rf5 23.g4 Nxg4 24.Qxg4 d5 25.Bh3 Ne7 26.Qh4 Re5 27.Bg5 Rxg5 28.Qxg5 a5
29.Bg4  1-0

[Event "84th ch-ESP 2019"]
[Site "Marbella ESP"]
[Date "2019.11.18"]
[Round "3.3"]
[White "Shirov,A"]
[Black "Valmana Canto,J"]
[Result "1-0"]
[WhiteElo "2666"]
[BlackElo "2416"]

1.e4 e6 2.d4 d5 3.e5 c5 4.c3 Nc6 5.Nf3 Bd7 6.Be2 Nge7 7.O-O Ng6 8.g3 Be7
9.h4 cxd4 10.cxd4 O-O 11.h5 Nh8 12.Nc3 f6 13.Be3 Nf7 14.exf6 Bxf6 15.Rc1 Nd6
16.Bd3 Be8 17.Kg2 Bxh5 18.Bxh7+ Kxh7 19.Rh1 g6 20.g4 Kg7 21.gxh5 g5 22.Ne2 Nf5
23.Ng3 Kh8 24.Qd3 g4 25.Nh2 Ncxd4 26.Bxd4 Nxd4 27.Qg6 Bg5 28.Rcd1 Rg8 29.Rxd4 Rxg6
30.hxg6 Kg8 31.Rxg4 Bf6 32.Nf3 Qe7 33.Rh7  1-0

[Event "84th ch-ESP 2019"]
[Site "Marbella ESP"]
[Date "2019.11.20"]
[Round "5.1"]
[White "Shirov,A"]
[Black "Anton Guijarro,D"]
[Result "1/2-1/2"]
[WhiteElo "2666"]
[BlackElo "2686"]

1.e4 e5 2.Nf3 Nc6 3.Bb5 a6 4.Ba4 Nf6 5.O-O Nxe4 6.d4 b5 7.Bb3 d5 8.dxe5 Be6
9.Nbd2 Be7 10.c3 O-O 11.Re1 Nc5 12.Nd4 Nxd4 13.cxd4 Nd3 14.Re3 Nxc1 15.Rxc1 a5
16.a4 Rb8 17.axb5 Rxb5 18.Nf3 Qb8 19.Rec3 Rc8 20.h4 Rb4 21.Bc2 Rxb2 22.Rc6 Rb6
23.Rxe6 fxe6 24.Qd3 g6 25.h5 Kg7 26.hxg6 h6 27.Nh2 Rf8 28.Ng4 Bg5 29.Rf1 Rc6
30.f4 Rxf4 31.Rxf4 Bxf4 32.Nf6 Qb2 33.Nh5+ Kg8 34.Nf6+ Kg7 35.Nh5+ Kg8 36.Nf6+  1/2-1/2

[Event "6th Arica Open 2019"]
[Site "Arica CHI"]
[Date "2019.12.16"]
[Round "2.2"]
[White "Gutierrez Montes,Sebastian"]
[Black "Shirov,A"]
[Result "0-1"]
[WhiteElo "2137"]
[BlackElo "2684"]

1.e4 c5 2.Nf3 d6 3.d4 cxd4 4.Nxd4 Nf6 5.Nc3 a6 6.Bg5 e6 7.f4 Qc7 8.Qf3 b5
9.a3 Nbd7 10.O-O-O Bb7 11.Bd3 Qb6 12.Nb3 Rc8 13.Bh4 Rxc3 14.bxc3 d5 15.e5 Bxa3+
16.Kb1 d4 17.Qg3 Nd5 18.Qxg7 Nxc3+ 19.Ka1 Rf8 20.Qg5 Bd5 21.Rb1 h6 22.Qd8+ Qxd8
23.Bxd8 Kxd8 24.Rbg1 Bxb3 25.cxb3 Nc5 26.Bc2 d3  0-1

[Event "6th Arica Open 2019"]
[Site "Arica CHI"]
[Date "2019.12.17"]
[Round "4.2"]
[White "Abarca Gonzalez,N"]
[Black "Shirov,A"]
[Result "0-1"]
[WhiteElo "2430"]
[BlackElo "2684"]

1.d4 Nf6 2.c4 e6 3.Nf3 Bb4+ 4.Bd2 c5 5.Bxb4 cxb4 6.g3 b6 7.Bg2 Bb7 8.O-O O-O
9.a3 Qe7 10.Nbd2 d5 11.cxd5 Bxd5 12.axb4 Qxb4 13.Qc2 Nbd7 14.Rfc1 a5 15.e4 Bb7
16.Ra4 Qe7 17.Rc4 Rfc8 18.e5 Nd5 19.Rxc8+ Rxc8 20.Qxc8+ Bxc8 21.Rxc8+ Nf8
22.Nc4 Qb4 23.h4 a4 24.Kh2 b5 25.Nd6 Qxb2 26.Ng5 Qxf2 27.Nge4 Qb2 28.Kh3 Ne3
29.Bf3 Qa1 30.g4 Qf1+ 31.Kg3 Qg1+ 32.Kh3 Nd5 33.Nf6+ gxf6 34.Bxd5 Qe3+ 35.Kg2 Qxd4  0-1

[Event "6th Arica Open 2019"]
[Site "Arica CHI"]
[Date "2019.12.18"]
[Round "6.2"]
[White "Vera Siguenas,D"]
[Black "Shirov,A"]
[Result "1/2-1/2"]
[WhiteElo "2485"]
[BlackElo "2684"]

1.e4 c5 2.Nf3 d6 3.d4 cxd4 4.Nxd4 Nf6 5.Nc3 a6 6.Be2 e5 7.Nb3 Be7 8.Bg5 Be6
9.Bxf6 Bxf6 10.Qd3 Nc6 11.O-O-O Qb6 12.Qxd6 Be7 13.Nd5 Bxd5 14.Qxd5 O-O 15.Kb1 Qxf2
16.Bf3 Rac8 17.Qd2 Qb6 18.Bg4 Rc7 19.Rhf1 a5 20.Qf2 Qxf2 21.Rxf2 a4 22.Nc1 a3
23.Nb3 axb2 24.Kxb2 Nd4 25.Nxd4 exd4 26.Rf5 Rfc8 27.Ra5 Bb4 28.Rb5 Bc3+ 29.Kb3 Re8
30.e5 g6 31.a4 Kg7 32.Bf3 b6 33.Rxb6 Rxe5 34.Rb5 Re3 35.Rd3 Re1 36.Rd1 Re3
37.Rd3 Re6 38.Rd1 Ra7 39.a5 Rea6 40.Kc4 h5 41.Rdb1 Rc7+ 42.Rc5 Rxc5+ 43.Kxc5 Rxa5+
44.Kc4 h4 45.h3 Kh6 46.Rb7 f5 47.Re7 Ra3 48.Rb7 Kg5 49.Rb3 Ra2 50.Kd3 Kf4
51.Rb6 g5 52.Rf6 Ke5 53.Rg6 Kf4 54.Rf6 Ra3 55.Bg4 Bb2+ 56.Kd2 Ra5 57.Kd3 Re5
58.Rf7 Re3+ 59.Kc4 Re5 60.Kd3 Rc5 61.Rf8 Rc3+ 62.Kd2 Re3 63.Rxf5+ Ke4 64.Rf1 Bc3+
65.Kd1 Bb4 66.Be2 Ke5  1/2-1/2

[Event "6th Arica Open 2019"]
[Site "Arica CHI"]
[Date "2019.12.19"]
[Round "7.2"]
[White "Shirov,A"]
[Black "Martinez Alcantara,Jose Eduardo"]
[Result "1/2-1/2"]
[WhiteElo "2684"]
[BlackElo "2592"]

1.e4 c5 2.Nf3 Nc6 3.d4 cxd4 4.Nxd4 Nf6 5.Nc3 e5 6.Ndb5 d6 7.Bg5 a6 8.Na3 b5
9.Nd5 Be7 10.Bxf6 Bxf6 11.c3 O-O 12.Nc2 Rb8 13.h4 Be7 14.Bd3 Be6 15.Nce3 Qd7
16.a4 Bd8 17.axb5 axb5 18.Ra6 Kh8 19.Qa1 Qb7 20.b4 Bc8 21.Ra3 Be6 22.Ra6 Bc8
23.Ra3 Be6  1/2-1/2

[Event "6th Arica Open 2019"]
[Site "Arica CHI"]
[Date "2019.12.20"]
[Round "8.2"]
[White "Petrov,N"]
[Black "Shirov,A"]
[Result "1/2-1/2"]
[WhiteElo "2585"]
[BlackElo "2684"]

1.c4 c6 2.e4 d5 3.exd5 cxd5 4.d4 Nf6 5.Nc3 Nc6 6.Nf3 Bg4 7.cxd5 Nxd5 8.Qb3 Bxf3
9.gxf3 e6 10.Qxb7 Nxd4 11.Bb5+ Nxb5 12.Qc6+ Ke7 13.Qxb5 Qd7 14.a4 a6 15.Nxd5+ Qxd5
16.Qe2 Kf6 17.Bd2 Bd6 18.Rd1 Ke7 19.Bc3 Qf5 20.Qe4 Qxe4+ 21.fxe4  1/2-1/2

[Event "6th Arica Open 2019"]
[Site "Arica CHI"]
[Date "2019.12.21"]
[Round "9.1"]
[White "Shirov,A"]
[Black "Salinas Herrera,P"]
[Result "1-0"]
[WhiteElo "2684"]
[BlackElo "2507"]

1.e4 e5 2.Nf3 Nc6 3.Bb5 a6 4.Ba4 d6 5.O-O Bd7 6.d4 Nxd4 7.Bxd7+ Qxd7 8.Nxd4 exd4
9.Qxd4 Nf6 10.b3 Be7 11.Bb2 O-O 12.Nd2 d5 13.e5 c5 14.Qd3 Ne8 15.f4 f5 16.exf6 Bxf6
17.Bxf6 Nxf6 18.Nf3 b5 19.Ne5 Qb7 20.g4 Rad8 21.g5 Ne4 22.g6 h6 23.Nf7 Qb6
24.Kh1 c4 25.bxc4 bxc4 26.Qe2 Rb8 27.Qh5 Nf6 28.Qf5 Rfe8 29.Rab1 Qxb1 30.Rxb1 Rxb1+
31.Kg2 Rb6 32.Kf3 Rbe6 33.Ne5 Rd6 34.Nf7 Rde6 35.Ne5 Rd6 36.a4 Rf8 37.Nf7 Rxf7
38.gxf7+ Kxf7 39.Qc8 Kg6 40.a5 Kh7 41.f5 Ne4 42.Ke3 Rf6 43.Qb7 Nc3 44.Qd7 Nb5
45.Qxd5 c3 46.Qc5 Rd6 47.Qc8 Rf6 48.Kf4 Nd4 49.Ke5 Nc6+ 50.Ke4 Nxa5 51.Qxc3 Nc6
52.Qc5 a5 53.Qb5 Rd6 54.c3 Rf6 55.h4 Rd6 56.h5 Rf6 57.Kd3 Kh8 58.Kc2 Kh7
59.Qc5 Kh8 60.Kb3 Kh7 61.Ka4 Kh8 62.Qe3 Kh7 63.Qe4 Kh8 64.c4 Kh7 65.c5 Kh8
66.Qe8+ Kh7 67.Qd7 Nb8 68.Qd5 Nc6 69.Qd7 Nb8 70.Qc8 Nc6 71.Qe8 Nd4 72.Qd7 Nc6
73.Kb5 Kh8 74.Qe8+ Kh7 75.Qg6+ Kg8 76.Qxf6 gxf6 77.Kxc6 a4 78.Kd6 a3 79.c6 a2
80.c7 a1=Q 81.c8=Q+ Kg7 82.Qc7+ Kh8 83.Ke6 Qa8 84.Kxf6 Qg8 85.Qe5 Kh7 86.Qe7+ Kh8
87.Qe5 Kh7 88.Qc7+ Kh8 89.Qd7 Qg5+ 90.Ke6 Qg8+ 91.Ke7 Qf8+ 92.Ke6 Qg8+ 93.Kd6 Qb8+
94.Kd5 Qb3+ 95.Kc6 Qf3+ 96.Qd5 Qxh5 97.Kd7 Kh7 98.Qe6 Qg4 99.Qe7+ Kg8 100.Qe6+ Kh7
101.f6 Qa4+ 102.Ke7 Qb4+ 103.Qd6 Qe4+ 104.Kf8 Qa8+ 105.Kf7 Qa2+ 106.Qe6 Qc2
107.Qe7 Qc6 108.Kf8+ Kg6 109.Qg7+ Kf5 110.Qh7+ Ke6 111.Qg6 Ke5 112.Kg7 Qd7+
113.f7 Qe7 114.Kg8  1-0

[Event "6th Arica Open 2019"]
[Site "Arica CHI"]
[Date "2019.12.22"]
[Round "10.1"]
[White "Quintiliano Pinto,R"]
[Black "Shirov,A"]
[Result "1/2-1/2"]
[WhiteElo "2460"]
[BlackElo "2684"]

1.d4 d5 2.c4 c6 3.Nc3 Nf6 4.e3 Nbd7 5.Nf3 e6 6.Qc2 Bd6 7.b3 O-O 8.Be2 b6
9.O-O Bb7 10.Bb2 Qe7 11.Rad1 Rad8 12.Rfe1 Rfe8 13.Bf1 e5 14.dxe5 Nxe5 15.Nd4 dxc4
16.bxc4 g6 17.h3 a6 18.Nb3 b5 19.c5 Bc7 20.Bc1 Rxd1 21.Rxd1 Ned7 22.g3 Ne5
23.Bg2 Bc8 24.Nd4 Rd8 25.f4 Nc4 26.Nxc6 Rxd1+ 27.Nxd1 Qxc5 28.Bb2 Bb7 29.Bd4 Qd6
30.Ne5 Bxg2 31.Nxc4 bxc4 32.Kxg2 Qd5+ 33.Kh2 Ne4 34.Nc3 Nxc3 35.Qxc3 Kf8
36.Qa3+ Bd6 37.Qxa6 Ke7 38.Qa7+ Ke6 39.Qa4 Ke7 40.Qa7+ Ke6 41.Qa4 Ke7 42.Qc2 Bc5
43.Qc3 Bxd4 44.exd4 Kd6 45.Kg1 Kc6 46.Kf2 Kb5 47.Ke3  1/2-1/2